Forest diversity and function : temperate and boreal systems

Bibliographic Details
Main Author: SCHERER-Lorenzen, M.
Other Authors: Korner, Christian, Scherer-Lorenzen, M. [ (Micheal)], Schulze, E.D. [ (Ernst-Detlef)]
Format: Book
Published: Berlin : Springer , 2004
Series:Ecological studies v.176
Subjects:

MARC

LEADER 00000cam a2200000 7i4500
001 0000003711
005 20110419.0
020 0 0 |a 3540221913 
090 0 0 |a 577.3 22   |b SCHERER 2004 
100 1 0 |a SCHERER-Lorenzen, M. 
245 1 0 |a Forest diversity and function :   |b temperate and boreal systems   |c M.Scherer-Lorenzen, C.Korner, E.D.Schulze, eds 
260 0 0 |a Berlin :   |b Springer ,   |c 2004 
300 |a xxi, 339 p. :   |b ill. ;   |c 24 cm. 
440 0 0 |a Ecological studies   |x 0070-8356   |v v.176 
650 0 0 |a Biodiversity 
650 0 0 |a Forest ecology 
700 0 1 |a Korner, Christian 
700 0 1 |a Scherer-Lorenzen, M. [  |q (Micheal)] 
700 0 1 |a Schulze, E.D. [  |q (Ernst-Detlef)] 
999 |a 007149   |b Monograph   |c Open Shelf   |e Default branch